000 00472nam a2200181Ia 4500
003 GCL
008 140319s9999 xx 000 0 ara d
040 _aGCL /
_cGCL
082 0 4 _a813.008
_bم ت
100 1 _aمحمد جبريل
245 1 0 _aتلك اللحظة من حياة العالم /
_cمحمد جبريل
300 _a109 ص
490 _a
650 0 4 _aالادب العربى
650 0 4 _aالقصص
650 0 4 _aالمجموعات
942 _2ddc
_cBK
999 _c40531
_d40531